Name a Valid Border - Flags - Statistics

General Stats
  • This quiz has been taken 36 times
  • The average score is 13 of 16
Answer Stats
Picture Answer % Correct
North Korea
97%
Russia | Sweden | Finland
97%
Germany | Belgium | France
94%
Russia | China | Kyrgzstan | Uzbekistan | Turkmenistan
94%
United States | Guatemala | Belize
94%
Ecuador | Colombia | Chile | Brazil | Bolivia
88%
Austria | Switzerland
81%
Iraq | Saudi Arabia
81%
Russia | China
81%
Algeria | Libya
78%
Haiti
72%
Indonesia
72%
Nicaragua | Panama
69%
Zambia | Tanzania | Mozambique
59%
Guinea | Liberia
56%
Cameroon | Gabon
53%
No matching quizzes found
Score Distribution
Percent of People with Each Score
Percentile by Number Answered
Your Score History
You have not taken this quiz